| 000 | 01070nam a22002897a 4500 | ||
|---|---|---|---|
| 001 | 4807 | ||
| 003 | FISKH | ||
| 005 | 20241014162132.0 | ||
| 008 | 241014b cb ||||| |||| 00| 0 eng d | ||
| 020 | _a9780064400312 | ||
| 040 |
_aFISKH _beng _cFISKH _dFISKH |
||
| 050 | _aPZ7.W6461 | ||
| 082 | _a813.52 | ||
| 100 | _aWilder, Laura Ingalls | ||
| 245 |
_aThe First Four Years / _cby Laura Ingalls Wilder : picture gy Garht WIlliams |
||
| 260 |
_aNew York : _bHarper & Row Publisher ; _c1971 . |
||
| 300 |
_a134 pages : _billustrations ; _c20 cm . |
||
| 490 | _a Little House: The Laura Years (9), Little House Novels, Chronological Order (book 24) | ||
| 505 | _aZ | ||
| 520 | _aDuring their first four years of marriage, Laura and Almanzo Wilder have a child and fight a losing battle in their attempts to succeed at farming on the South Dakota prairie. | ||
| 521 | 8 |
_a1030
_bLexile |
|
| 521 | 8 |
_aZ
_bRaz-Plus |
|
| 650 |
_a19th century _vchildren's literature |
||
| 700 |
_aWilliams, Garth _eartist |
||
| 942 |
_2ddc _cBK _n0 |
||
| 999 |
_c4807 _d4807 |
||